| 000 | 00855nam a2200193 i 4500 | ||
|---|---|---|---|
| 001 | 89634 | ||
| 003 | ES-MaACL | ||
| 005 | 20250806052100.0 | ||
| 007 | t| | ||
| 008 | 050111s1920 sp ||||1| spa d | ||
| 100 | 1 |
_aRodrigo Lavin, Leonardo. _998185 |
|
| 245 | 1 | 3 |
_aLa lucha contra las enfermedades venéreas, lo que es y lo que debiera ser _b: historia e inducciones de un ensayo de organización profiláctica anti-venérea / _cLeonardo Rodrigo Lavín. |
| 260 |
_aCádiz : _b[s.n.], _c1920. |
||
| 490 | 1 |
_aPublicaciones de la Inspección de Sanidad de la Provincia de Cádiz . Serie monográfica ; _v6 |
|
| 650 | 7 |
_aEnfermedades de transmisión sexual _2embne _912260 |
|
| 830 | 1 |
_aPublicaciones de la Inspección de Sanidad de la Provincia de Cádiz . Serie monográfica ; _v6 _9231902 |
|
| 852 |
_aES-MaACL _j1591-F-22 |
||
| 999 |
_c89634 _d89634 |
||